00225nam a22000977a 4500020001500000100001900015245003600034260003100070300001200101490001400113 a0590189026 aLuke Skywalker a Journal: The Fight for Justice aNew YorkbScholasticc1998 a115 pgs aStar Wars